000 02543nam0a2200385 4500
001 RU\NLR\BIBL_A\022695390
005 20260426080507.0
010 _a978-5-86002-445-8
021 _aRU
_bКН-П-25-068420
_9КН-П-25-6626
035 _a(NLR Aleph) 022695390
090 _a13696307
_c13696307
100 _a20251224d2025 u y0rusy50 ca
101 0 _arus
102 _aRU
105 _ay z 000yy
181 0 _ai4
_baxxe
182 0 _an
200 1 _aМетодология доказывания и обоснования экспертных выводов
_eметодические рекомендации
_eдля судебно-психиатрических экспертов, психологов, юристов, преподавателей судебной психиатрии и юридической психологии
_fА. А. Ткаченко 0 д-р мед. наук, профессор, Д. Н. Корзун - канд. мед. наук
_gФГБУ "Национальный медицинский исследовательский центр психиатрии и наркологии имени В. П. Сербского" Министерства здравоохранения Российской Федерации
203 _aТекст
_bвизуальный
_cнепосредственный
205 _a2-е изд.
210 _aМосква
_cНациональный медицинский исследовательский центр психиатрии и наркологии имени В. П. Сербского
_d2025
215 _a23 с.
_d21
225 1 _aСудебная психиатрия
_v73
300 _aАвт. указаны на обороте тит. с. и обл.
320 _aБиблиогр. в тексте
606 1 _aСудебно-психиатрическая экспертиза
_jМетодические пособия
_9930163
_3RU\NLR\AUTH\6623797
686 1 _aР648.1я8
700 1 _7ca
_8rus
_aТкаченко
_bА. А.
_cврач-психиатр
_gАндрей Анатольевич
_960766
_3RU\NLR\AUTH\7777838
701 1 _aКорзун
_bД. Н.
_gДмитрий Николаевич
712 0 2 _4475
_aНациональный медицинский исследовательский центр психиатрии и наркологии им. В. П. Сербского
_cМосква
_9580352
_3RU\NLR\AUTH\880458683
942 _cBOOK
980 _aNB